000 00587nam a2200181Ia 4500
008 151202s9999||||xx |||||||||||||| ||und||
082 _bPNVM-70776
100 _aदेसाई उमेश.
245 _aपोहे ते पास्ता.
260 _b"प्राजक्त प्रकाशन,पुणे."
260 _c70776
300 _a128
600 _aदेसाई उमेश.
630 _aपोहे ते पास्ता.
700 _aदेसाई उमेश.
730 _aपोहे ते पास्ता.
942 _cBOOK
999 _c1337283
_d1337280